Racionální spůsoby výroby kovářských zápustek : Sborník přednášek z celostátního semináře

Saved in:
Bibliographic Details
Format: Book
Language:Czech
Published: Brno : ČSVTS, 1969
Subjects:
Tags: Add Tag
No Tags, Be the first to tag this record!

MARC

LEADER 00000nam a22000003a 4500
001 stu41246
005 20150408180610.7
008 931117s1969----cs------------------cze-d
040 |a STU  |b slo 
041 0 |a cze 
044 |a cs 
080 |a 621.73.073  |7 stu_us_auth*stu2067 
245 |a Racionální spůsoby výroby kovářských zápustek :  |b Sborník přednášek z celostátního semináře 
260 |a Brno :  |b ČSVTS,  |c 1969 
300 |a 63 s 
650 7 |a zápustky  |2 stusub 
650 7 |a kovanie  |2 stusub 
650 7 |a výroba  |2 stusub 
996 |b 284M035153  |c M*3118-1  |l MMKN  |s A  |a 24  |w stu41246_0001